000 00612nam a2200121Ia 4500
008 220620s9999||||xx |||||||||||||| ||und||
100 _aPrajda, Katalin
245 0 _aNetwork and Migration in Early Renaissance Florence, 1378-1433
_bFriends of Friends in the Kingdom of Hungary
546 _aEnglish[eng]
650 _aFlorence||Hungary||social network||Renaissance||migration
856 _uhttps://library.oapen.org/bitstream/20.500.12657/28270/1/1001706.pdf||https://library.oapen.org/bitstream/20.500.12657/28270/1/1001706.pdf||https://library.oapen.org/bitstream/20.500.12657/28270/1/1001706.pdf
942 _cEB
999 _c31699
_d31699